UM Logo

Insights on science journalism / (Record no. 22475)

MARC details
000 -LEADER
fixed length control field 00535nam a22001697a 4500
005 - DATE AND TIME OF LATEST TRANSACTION
control field 20241115095320.0
008 - FIXED-LENGTH DATA ELEMENTS--GENERAL INFORMATION
fixed length control field 241011b |||||||| |||| 00| 0 eng d
020 ## - INTERNATIONAL STANDARD BOOK NUMBER
International Standard Book Number 9781032341286
082 ## - DEWEY DECIMAL CLASSIFICATION NUMBER
Classification number DC 070.4 In726 2024
245 ## - TITLE STATEMENT
Title Insights on science journalism /
Statement of responsibility, etc. edited by Felicity Mellor.
260 ## - PUBLICATION, DISTRIBUTION, ETC. (IMPRINT)
Place of publication, distribution, etc. New York :
Name of publisher, distributor, etc. Routldge,
Date of publication, distribution, etc. ©2024.
300 ## - PHYSICAL DESCRIPTION
Extent 201 pages :
Other physical details illustrations ;
Dimensions 2 cm.
500 ## - GENERAL NOTE
General note Includes references and index.
650 #0 - SUBJECT ADDED ENTRY--TOPICAL TERM
Topical term or geographic name as entry element Journalism.
9 (RLIN) 64145
700 ## - ADDED ENTRY--PERSONAL NAME
Personal name Mellor, Felicity.
9 (RLIN) 62768
Relator term editor.
942 ## - ADDED ENTRY ELEMENTS (KOHA)
Source of classification or shelving scheme Dewey Decimal Classification
Koha item type Circulation
Holdings
Withdrawn status Lost status Source of classification or shelving scheme Damaged status Not for loan Collection code Home library Current library Date acquired Source of acquisition Cost, normal purchase price Total Checkouts Full call number Barcode Date last seen Price effective from Koha item type
    Dewey Decimal Classification     Circulation UM Digos College - LIC UM Digos College - LIC 08/20/2024 Purchased 4380.00   DC 070.4 In726 2024 28279 05/15/2025 10/11/2024 Circulation